Представление документа в формате MARC21

ПолеНазваниеЗначение
  Тип записи a
  Библиографический уровень m
001 Контрольный номер BIBLIOCLUB\0000725623
005 Дата корректировки 20260430154907.1
006 m o d
007 Элементы данных для физической характеристики c|||||||||||||
008 Кодируемые данные s2022 rus o rus d
020 Индекс ISBN __
a ISBN 978-5-9729-1006-9
041 Код языка издания 0_
a Код языка текста rus
084 Индекс другой классификации/Индекс ББК __
a Индекс другой классификации/Индекс ББК 16.63я73
b Номер единицы LBC/PL
2 Источник индекса rubbk
084 Индекс другой классификации/Индекс ББК __
a Индекс другой классификации/Индекс ББК 32.973.23я73
b Номер единицы LBC/PL
2 Источник индекса rubbk
100 Автор 1_
a Автор Протодьяконов А. В.
245 Заглавие 10
a Заглавие Алгоритмы Data Science и их практическая реализация на Python
b Продолж. заглавия учебное пособие
c Ответственность А. В. Протодьяконов, П. А. Пылов, В. Е. Садовников
260 Выходные данные __
a Место издания Москва, Вологда
b Издательство Инфра-Инженерия
c Дата издания 2022
300 Физическое описание __
a Объем 392 с.
b Иллюстрации/ тип воспроизводства ил.
504 Библиография __
a Библиография Библиогр.: с. 380-383.
653 Ключевые слова 1_
a Ключевые слова Учебник для высшей школы
700 Другие авторы _1
a Другие авторы Пылов П. А.
700 Другие авторы _1
a Другие авторы Садовников В. Е.
856 Электронный адрес документа 40
3 Область применения данных поля Университетская библиотека ONLINE
u URL https://biblioclub.ru/index.php?page=book&id=725623
900 Электронные ресурсы __
a Имя электронного ресурса https://img.biblioclub.ru/sm_cover/11d26c4feedb06e34ca248abe0cf37bc7n1sah07jy/cover.jpg